• 首页
  • 本馆介绍
  • 公告通知
  • 最新文献
  • 馆藏检索
  • 电子资源
  • 读者导购
  • 参考咨询
  • 我的图书馆
  • 登录
  • 详细信息显示
  • 放入我的书架
  • 预约/预借图书
  • 作者相关作品
  • 分类相关作品
  • 丛书相关作品
  • 出版社相关作品

书目信息

  • 表格格式
  • 工作单格式
  • 卡片格式
题名:
帝国崛起
    
 
作者: 赵凯荣 著
分册: 上  
出版信息: 北京   中国长安出版社  2011.9
页数: 280页
开本: 26cm
丛书名:
单 册:
中图分类: K827=47
科图分类:
主题词:
电子资源:
ISBN: 978-7-5107-0416-1
000 01051nam0 2200241 45
001 1237530638
005 20120619153746.54
010    @a978-7-5107-0416-1@dCNY34.00(全两册68.00)
100    @a20111111d2011 em y0chiy0110 ea
101 0  @achi
102    @aCN@b110000
105    @ay z 000yy
106    @ar
200 1  @a帝国崛起@ADi Guo Jue Qi@e成吉思汗大谋略@ECheng Ji Si Han Da Mou Lue@h上@HShang@f赵凯荣著@FZhao Kai Rong Zhu
210    @a北京@c中国长安出版社@d2011.9
215    @a280页@d26cm
330    @a成吉思汗为何能力克群雄,统一蒙古?他及他的继承者又为何能征服已知世界的大部分而创造历史上最大的陆上帝国?对于这两个问题,不少学者皆指出:无论在当时的蒙古或欧亚内地,成吉思汗皆未遭遇坚强对手。在蒙古草原之上,与成吉思汗争霸的群雄如札木合、王汗与塔阳汗皆缺乏自身的领袖魅力与组织才能,他才能脱颖而出,统一蒙古。
517 1  @a成吉思汗大谋略@ACheng Ji Si Han Da Mou Lue
600  0 @a成吉思汉@j人物研究
690    @aK827=47@v4
701  0 @a赵凯荣@AZhao Kai Rong@4著
801  0 @aCN@bTSTCL@c20120604
905    @b0816252-55@dK827=47@e413:1ZK@f4
    
    帝国崛起:成吉思汗大谋略.上/赵凯荣著.-北京:中国长安出版社,2011.9
    280页;26cm
    
    
    ISBN 978-7-5107-0416-1:CNY34.00(全两册68.00)
    成吉思汗为何能力克群雄,统一蒙古?他及他的继承者又为何能征服已知世界的大部分而创造历史上最大的陆上帝国?对于这两个问题,不少学者皆指出:无论在当时的蒙古或欧亚内地,成吉思汗皆未遭遇坚强对手。在蒙古草原之上,与成吉思汗争霸的群雄如札木合、王汗与塔阳汗皆缺乏自身的领袖魅力与组织才能,他才能脱颖而出,统一蒙古。
●
相关链接 在E读中查询图书 在五车中查询图书 在当当中查询图书 在豆瓣中查询图书


正题名:帝国崛起     索取号:K827=47/413:1ZK         预约/预借

序号 登录号 条形码 馆藏地/架位号 状态 备注
1 0816252   208162520   第二样本阅览室/ [索取号:K827=47/413:1ZK] 在馆    
2 0816253   208162539   第二借阅区/ [索取号:K827=47/413:1ZK] 在馆    
3 0816254   208162548   第二借阅区/ [索取号:K827=47/413:1ZK] 在馆    
4 0816255   208162557   第二借阅区/ [索取号:K827=47/413:1ZK] 在馆    
唐山师范学院图书馆 欢迎您!
大连网信软件有限公司© 版权所有